000 00694nam a2200265Ia 4500
003 OSt
005 20221007080133.0
006 a|||||r|||| 00| 0
007 ta
008 221006b |||||||| |||| 00| 0 eng d
020 _a817194390X
_cRs. 400/-
024 _a8,984
037 _cTextual
040 _aFLL
_cFLL
_beng
041 _2eng
_aeng
082 _aX72:Z2q, P5
100 _aSinghania
_9694670
245 0 _aDirect taxes
250 _a34th
260 _aNew Delhi
_bTaxmann Publication Pvt. Ltd. India
_c2005
300 _a1448p
_ccm.
700 _a Singhania
_9694671
942 _hX72:Z2q, P5
_cTEXL
_2CC
999 _c1158463
_d1158463